| Tag |
First Indicator |
Second Indicator |
Subfields |
| LEADER |
00000nam a2200000 i 4500 |
| 001 |
in00004792502 |
| 003 |
OCoLC |
| 005 |
20240412143214.0 |
| 006 |
m o d |
| 007 |
cr cnu---unuuu |
| 008 |
231129s2024 pau ob 001 0 eng |
| 010 |
|
|
|a 2023054718
|
| 024 |
8 |
|
|a 40032307486
|
| 040 |
|
|
|a DLC
|b eng
|e rda
|c DLC
|d OCLCO
|d YDX
|
| 020 |
|
|
|a 9798369319352
|q electronic book
|
| 020 |
|
|
|a 9789798369315
|
| 020 |
|
|
|a 9798369319
|
| 020 |
|
|
|z 9798369319345
|q hardcover
|
| 035 |
|
|
|a (OCoLC)1417159857
|
| 042 |
|
|
|a pcc
|
| 050 |
|
4 |
|a R859
|b .A53 2024
|
| 060 |
0 |
0 |
|a W 26.55.D4
|
| 082 |
0 |
0 |
|a 362.10285
|2 23/eng/20240110
|
| 245 |
0 |
0 |
|a Analyzing current digital healthcare trends using social networks /
|c edited by Sukanta Baral, Richa Goel.
|
| 264 |
|
1 |
|a Hershey, PA :
|b Medical Information Science Reference,
|c [2024]
|
| 300 |
|
|
|a 1 online resource.
|
| 336 |
|
|
|a text
|b txt
|2 rdacontent
|
| 337 |
|
|
|a computer
|b c
|2 rdamedia
|
| 338 |
|
|
|a online resource
|b cr
|2 rdacarrier
|
| 504 |
|
|
|a Includes bibliographical references and index.
|
| 588 |
|
|
|a Description based on online resource; title from digital title page (viewed on April 12, 2024).
|
| 650 |
|
0 |
|a Telecommunication in medicine.
|
| 650 |
|
0 |
|a Artificial intelligence.
|
| 650 |
1 |
2 |
|a Digital Technology
|0 (DNLM)D000082222
|
| 650 |
1 |
2 |
|a Delivery of Health Care
|0 (DNLM)D003695
|
| 650 |
2 |
2 |
|a Online Social Networking
|0 (DNLM)D000077253
|
| 650 |
2 |
2 |
|a Telemedicine
|0 (DNLM)D017216
|
| 650 |
2 |
2 |
|a Electronic Health Records
|0 (DNLM)D057286
|
| 650 |
2 |
2 |
|a Wearable Electronic Devices
|0 (DNLM)D000076251
|
| 650 |
2 |
2 |
|a Artificial Intelligence
|0 (DNLM)D001185
|
| 650 |
|
6 |
|a Prestation de soins.
|0 (CaQQLa)201-0343496
|
| 650 |
|
6 |
|a Télémédecine.
|0 (CaQQLa)201-0260204
|
| 650 |
|
6 |
|a Intelligence artificielle.
|0 (CaQQLa)201-0008626
|
| 650 |
|
7 |
|a artificial intelligence.
|2 aat
|0 (CStmoGRI)aat300251574
|
| 655 |
|
7 |
|a Electronic books.
|2 local
|
| 700 |
1 |
|
|a Baral, Sukanta Kumar,
|d 1966-
|e editor.
|
| 700 |
1 |
|
|a Goel, Richa,
|d 1980-
|e editor.
|
| 710 |
2 |
|
|a IGI Global Online
|
| 776 |
1 |
8 |
|i Print version:
|t Analyzing current digital healthcare trends using social networks
|d Hershey, PA : Medical Information Science Reference, [2024]
|z 9798369319345
|w (DLC) 2023054717
|
| 856 |
4 |
0 |
|u http://proxy.library.tamu.edu/login?url=https://dx.doi.org/10.4018/979-8-3693-1934-5
|z Connect to the full text of this electronic book
|t 0
|
| 945 |
|
|
|b 92141
|
| 955 |
|
|
|a YBP purchased approval e-records
|
| 980 |
|
|
|b ebook
|c 40032307486
|f NONFIC/B
|g 565751
|k USD
|m 288.00
|q 1
|s AcqMono Conventional
|t Approval plan
|u Vendor order reference number
|v ZYBP
|y E-approvals
|z Electronic resource
|
| 999 |
f |
f |
|i 27aa98f2-f7d0-4e88-bf43-1b47bc00319e
|s 25500b6d-9b31-4a02-9ee7-2ce776a18469
|t 0
|
| 952 |
f |
f |
|a Texas A&M University
|b College Station
|c Electronic Resources
|s www_evans
|d Available Online
|t 0
|e R859 .A53 2024
|h Library of Congress classification
|